Fundamental photoshop
Αποθηκεύτηκε σε:
| Κύριος συγγραφέας: | |
|---|---|
| Άλλοι συγγραφείς: | |
| Μορφή: | Βιβλίο |
| Γλώσσα: | English |
| Δημοσίευση: |
Berkley, New York :
McGraw-Hill,
1994
|
| Θέματα: | |
| Ετικέτες: |
Προσθήκη ετικέτας
Δεν υπάρχουν, Καταχωρήστε ετικέτα πρώτοι!
|
MARC
| LEADER | 00000nam a2200000 i 4500 | ||
|---|---|---|---|
| 001 | 1/23095 | ||
| 008 | 960711s1994 eng d | ||
| 020 | |a 0-07-881994-6 | ||
| 035 | |l 10022020 | ||
| 040 | |a GR-MY-UA |b gre |e aacr | ||
| 041 | 0 | |a eng | |
| 082 | 0 | |a 006.6869 | |
| 100 | 1 | |a Greenberg, Adele Droblas. | |
| 245 | 1 | 0 | |a Fundamental photoshop / |c Adele Droblaw Greenberd, Seth Greemberg |
| 260 | |a Berkley, New York : |b McGraw-Hill, |c 1994 | ||
| 300 | |a 548 p. | ||
| 500 | |a Includes index | ||
| 650 | 0 | 0 | |a Computer graphics. |
| 700 | 1 | |a Greenberg, Seth. | |
| 852 | |a INST |b CHIOS |e 19960711 |h 006.6869 GRE |p 005200003982 |q 005200003982 |t BK |y 0 | ||
| 909 | |a Χ |b 037474 | ||